Bescheidener Aufschwung im Osten – Bremsklotz EU-Fiskalregeln (Record no. 8583)

MARC details
000 -LEADER
fixed length control field 04098nam a22006137u 4500
001 - CONTROL NUMBER
control field pwiiw3942
003 - CONTROL NUMBER IDENTIFIER
control field OSt
005 - DATE AND TIME OF LATEST TRANSACTION
control field 20260516120049.0
008 - FIXED-LENGTH DATA ELEMENTS--GENERAL INFORMATION
fixed length control field 160629t2016 au ||||| |||||||| ||ger d
040 ## - CATALOGING SOURCE
Transcribing agency OSt
041 ## - LANGUAGE CODE
Language code of text/sound track or separate title ger
084 ## - OTHER CLASSIFICATION NUMBER
Classification number E20
-- F34
-- G01
-- O52
-- O57
-- P24
-- P27
-- P33
-- P52
Number source jelc
100 1# - MAIN ENTRY--PERSONAL NAME
Personal name Holzner, Mario
245 10 - TITLE STATEMENT
Title Bescheidener Aufschwung im Osten – Bremsklotz EU-Fiskalregeln
260 ## - PUBLICATION, DISTRIBUTION, ETC.
Place of publication, distribution, etc. Wien :
Name of publisher, distributor, etc. Wiener Institut für Internationale Wirtschaftsvergleiche (wiiw),
Date of publication, distribution, etc. 2016.
300 ## - PHYSICAL DESCRIPTION
Extent 84 S.,
Other physical details 104 Tables and 22 Figures,
Dimensions 30cm.
490 1# - SERIES STATEMENT
Series statement wiiw Research Reports in German Language
Volume/sequential designation 4
520 ## - SUMMARY, ETC.
Summary, etc. Zusammenfassung<br/><br/>Bescheidener Aufschwung im Osten – Bremsklotz EU-Fiskalregeln<br/><br/>Für die mittel-, ost-und südosteuropäischen Länder (MOSOEL) ist das internationale Umfeld insbesondere von der trägen Erholung des Euro-Raumes gekennzeichnet. Die rigiden EU-Fiskalregeln sind der größte Bremsklotz für einen nachhaltigen wirtschaftlichen Aufschwung in Europa. Mittelfristig erwarten wir für die MOSOEL ein BIP-Trendwachstum von bis zu 3%. Dabei ist der Haushaltskonsum vor allem in den mittel- und osteuropäischen EU-Mitgliedstaaten wachstumsbestimmend. In den Ländern des Westbalkans können auch Investitionen und Nettoexporte als wichtige Wachstumstreiber identifiziert werden. In der Gemeinschaft Unabhängiger Staaten und der Ukraine scheint die Talsohle erreicht worden zu sein. Nach einer Phase der Stagnation kann auch dort ein leichtes Wachstum erwartet werden. Österreich sollte ein Profiteur von der Erholung in den MOSOEL sein, da es sich um wichtige Handelspartner handelt. Für die österreichische Wettbewerbsfähigkeit stellen die MOSOEL aber nur eine geringe Gefahr dar. Längerfristig steigen dort die Löhne stärker als die Produktivität. Die Folgen des BREXIT stellen ein großes Risiko für ganz Europa dar.<br/><br/> <br/><br/>English Summary<br/><br/>Modest recovery in the East – EU fiscal rules act as obstacle to growth<br/><br/>The international environment for Central, East and Southeast Europe (CESEE) is affected by the weak recovery in the euro area. The rigid EU fiscal rules are an important obstacle to sustainable economic revival in Europe. Over the medium term, we expect a GDP trend growth rate of up to 3% for CESEE. Especially for the EU members of Central and Eastern Europe, household consumption will be an important component of economic growth. In the countries of the Western Balkans also investment and net exports will be important growth drivers. In the Commonwealth of Independent States and in Ukraine the economic downturn has bottomed out. After a period of stagnation, slow growth can be expected also there. Austria should gain from the recovery in CESEE, given that the region is home to important Austrian trading partners. These pose, however, only little danger for Austrian competitiveness. There, over the longer term wages will be rising faster than productivity. The BREXIT implications pose a substantial risk for all of Europe.<br/>
650 ## - SUBJECT ADDED ENTRY--TOPICAL TERM
Topical term or geographic name entry element macroeconomic analysis
650 ## - SUBJECT ADDED ENTRY--TOPICAL TERM
Topical term or geographic name entry element international trade
650 ## - SUBJECT ADDED ENTRY--TOPICAL TERM
Topical term or geographic name entry element competitiveness
650 ## - SUBJECT ADDED ENTRY--TOPICAL TERM
Topical term or geographic name entry element consumption
650 ## - SUBJECT ADDED ENTRY--TOPICAL TERM
Topical term or geographic name entry element investment
650 ## - SUBJECT ADDED ENTRY--TOPICAL TERM
Topical term or geographic name entry element global financial crisis
651 ## - SUBJECT ADDED ENTRY--GEOGRAPHIC NAME
Geographic name Albania
651 ## - SUBJECT ADDED ENTRY--GEOGRAPHIC NAME
Geographic name Belarus
651 ## - SUBJECT ADDED ENTRY--GEOGRAPHIC NAME
Geographic name Bosnia and Herzegovina
651 ## - SUBJECT ADDED ENTRY--GEOGRAPHIC NAME
Geographic name Bulgaria
651 ## - SUBJECT ADDED ENTRY--GEOGRAPHIC NAME
Geographic name Croatia
651 ## - SUBJECT ADDED ENTRY--GEOGRAPHIC NAME
Geographic name Czechia
651 ## - SUBJECT ADDED ENTRY--GEOGRAPHIC NAME
Geographic name Estonia
651 ## - SUBJECT ADDED ENTRY--GEOGRAPHIC NAME
Geographic name Hungary
651 ## - SUBJECT ADDED ENTRY--GEOGRAPHIC NAME
Geographic name Kazakhstan
651 ## - SUBJECT ADDED ENTRY--GEOGRAPHIC NAME
Geographic name Kosovo
651 ## - SUBJECT ADDED ENTRY--GEOGRAPHIC NAME
Geographic name Latvia
651 ## - SUBJECT ADDED ENTRY--GEOGRAPHIC NAME
Geographic name Lithuania
651 ## - SUBJECT ADDED ENTRY--GEOGRAPHIC NAME
Geographic name North Macedonia
651 ## - SUBJECT ADDED ENTRY--GEOGRAPHIC NAME
Geographic name Montenegro
651 ## - SUBJECT ADDED ENTRY--GEOGRAPHIC NAME
Geographic name Poland
651 ## - SUBJECT ADDED ENTRY--GEOGRAPHIC NAME
Geographic name Romania
651 ## - SUBJECT ADDED ENTRY--GEOGRAPHIC NAME
Geographic name Russia
651 ## - SUBJECT ADDED ENTRY--GEOGRAPHIC NAME
Geographic name Serbia
651 ## - SUBJECT ADDED ENTRY--GEOGRAPHIC NAME
Geographic name Slovakia
651 ## - SUBJECT ADDED ENTRY--GEOGRAPHIC NAME
Geographic name Slovenia
651 ## - SUBJECT ADDED ENTRY--GEOGRAPHIC NAME
Geographic name Turkey
651 ## - SUBJECT ADDED ENTRY--GEOGRAPHIC NAME
Geographic name Ukraine
690 ## - LOCAL SUBJECT ADDED ENTRY--TOPICAL TERM (OCLC, RLIN)
Topical term or geographic name as entry element Macroeconomic Analysis and Policy
690 ## - LOCAL SUBJECT ADDED ENTRY--TOPICAL TERM (OCLC, RLIN)
Topical term or geographic name as entry element Labour, Migration and Income Distribution
690 ## - LOCAL SUBJECT ADDED ENTRY--TOPICAL TERM (OCLC, RLIN)
Topical term or geographic name as entry element International Trade, Competitiveness and FDI
690 ## - LOCAL SUBJECT ADDED ENTRY--TOPICAL TERM (OCLC, RLIN)
Topical term or geographic name as entry element Sectoral studies
830 #0 - SERIES ADDED ENTRY--UNIFORM TITLE
Volume/sequential designation 4
Bibliographic record control number WIIW0000108
Title of a work wiiw Research Reports in German Language
856 40 - ELECTRONIC LOCATION AND ACCESS
Uniform Resource Identifier <a href="https://wiiw.ac.at/p-3942.html">https://wiiw.ac.at/p-3942.html</a>
942 ## - ADDED ENTRY ELEMENTS (KOHA)
Koha item type Paper
Holdings
Withdrawn status Lost status Damaged status Not for loan Home library Current library Shelving location Date acquired Inventory number Total Checkouts Barcode Date last seen Price effective from Koha item type
        WIIW WIIW Library 06/29/2016 pwiiw3942   1000010003942 06/29/2016 11/21/2018 Paper
The Vienna Instiute for International Economic Studies (wiiw)